|
|
|
|
| LEADER |
01153nam a22003132a 4500 |
| 001 |
000239684 |
| 003 |
CZ BrMZK |
| 005 |
20230130093356.0 |
| 007 |
ta |
| 008 |
950101s1992 xr af f cze d |
| 015 |
|
|
|a cnb000065678
|
| 040 |
|
|
|a BOA001
|b cze
|
| 072 |
|
7 |
|a 59
|x Zoologie
|2 Konspekt
|9 2
|
| 080 |
|
|
|a 595.762
|2 MRF
|
| 080 |
|
|
|a (083.73)
|2 MRF
|
| 100 |
1 |
|
|a Hůrka, Karel,
|d 1931-2004
|7 jn20000401156
|4 aut
|
| 245 |
1 |
0 |
|a Střevlíkovití (Carabidae).
|n 1. /
|c Karel Hůrka ; barevné ilustrace Simona Brantlová
|
| 260 |
|
|
|a Praha :
|b Academia,
|c 1992
|
| 300 |
|
|
|a 192 s., 8 s. barev. obr. příl. :
|b barev. il.
|
| 490 |
1 |
|
|a Zoologické klíče
|
| 504 |
|
|
|a Obsahuje bibliografii
|
| 650 |
0 |
7 |
|a střevlíkovití
|7 ph116325
|2 czenas
|
| 655 |
|
7 |
|a klíče
|7 fd132547
|2 czenas
|
| 700 |
1 |
|
|a Brantlová, Simona
|7 jx20041105014
|4 ill
|
| 830 |
|
0 |
|a Zoologické klíče
|0 s
|
| 856 |
4 |
1 |
|u http://www.digitalniknihovna.cz/mzk/uuid/uuid:08adba10-958c-11e3-a744-005056827e52
|y Digitalizovaný dokument
|x NDK
|
| 910 |
|
|
|a BOA001
|b 2-0977.187,1
|
| 990 |
|
|
|a BK
|
| 996 |
6 |
|
|b 2619905962
|c 2-0977.187,1
|l MZK
|r Sklad / do 1 hodiny
|n 24
|w 000239684
|u 000010
|a 1
|e BOA001
|j MZK50
|s P
|